00225nam a2200097Ia 4500008004100000041000800041082001000049100001800059245002400077260002600101231212s1968 xx 000 0 und d aeng a604.2 aBogolyubov S. aEngineering Drawing aMascowbMir Pubc1968